000 00404nam a2200145 4500
001 122816
003 ES-MaACL
005 20230906192039.0
007 t|
008 070214s1920 sp r ||||0| spa d
245 0 4 _aLos productos del Instituto de Biología y Sueroterapia.
260 _aMadrid :
_b[s. n.],
_c1920 (
_fImp. Clásica Española)
300 _a99 p ;
_c25 cm.
852 _aES-MaACL
_jB-11359
999 _c122816
_d122816